000 01756cam a2200265 4500500
005 20260322012607.0
041 _afre
042 _adc
100 1 0 _aYapi, Lawrence
_eauthor
245 0 0 _aLe trouble éjaculatoire précoce, tuteur et révélateur d’un symptôme inconscient
260 _c2015.
500 _a49
520 _aLes troubles de l’éjaculation précoce (TEP) représentent un des dysfonctionnements de la sexualité masculine. Ils sont sanctionnés autant par le tabou que par l’incompréhension et dans les deux cas de figures, ils sont révélateurs d’un certain symptôme inconscient. Les TEP(s), s’ils ne sont pas d’origine physiopathologique, interrogent les fondations psychologiques de l’assise sexuelle. Plus encore, ils questionnent l’échafaud de la sexualité infantile à partir duquel toute la sexualité active adulte se justifie.
520 _aPremature ejaculations are one of the sexual male dysfunction. They are sanctioned as much as a taboo than a misunderstanding, but in any ways, they reveal something about an unconscious symptom. Premature ejaculations, out of a bodily pathological origin, question the psychological ground of sexual basis. Even more, they query the roots of the infantile sexuality, from where every active adult’s sexuality is justified.
690 _ainconscient
690 _apsycho-sexualité
690 _asymptôme
690 _atrouble de l’éjaculation précoce
690 _apremature ejaculation
690 _apsycho-sexuality
690 _asymptom
690 _aunconscious
786 0 _nPsy Cause | 68 | 1 | 2015-01-20 | p. 45-48 | 1245-2394
856 4 1 _uhttps://shs.cairn.info/revue-psy-cause-2015-1-page-45?lang=fr&redirect-ssocas=7080
999 _c1774074
_d1774074